[Event "MVP-ch Seniors op 19th"]
[Site "Ostseebad Binz"]
[Date "2019.12.04"]
[Round "8"]
[White "Thieme, Wolfgang"]
[Black "Leue, Lothar"]
[Result "1-0"]
[WhiteElo "1916"]
[BlackElo "1782"]
[PlyCount "95"]
[EventDate "2019.11.27"]
[EventType "swiss"]
[EventRounds "9"]
[EventCountry "GER"]
[SourceTitle "EXT 2021"]
[Source "ChessBase"]
[SourceDate "2020.10.23"]
[SourceVersion "1"]
[SourceVersionDate "2020.10.23"]
[SourceQuality "1"]

1. e4 c6 2. Nc3 d5 3. Nf3 Bg4 4. d4 e6 5. Bd3 dxe4 6. Nxe4 Nf6 7. c3 Be7 8. 0-0 Nbd7 9. h3 Bh5 10. Ng3 Bxf3 11. Qxf3 h6 12. Re1 Qb6 13. a4 a5 14. Rb1 0-0 15. Nf5 Rfe8 16. Nxe7+ Rxe7 17. Qg3 Kf8 18. Qh4 Ng8 19. Bf4 c5 20. Qg3 cxd4 21. Bd6 dxc3 22. bxc3 Qa7 23. Bxe7+ Nxe7 24. Qd6 Nf6 25. Be4 Nxe4 26. Rxe4 Qb8 27. Qd7 b6 28. c4 Ra7 29. Qb5 Rb7 30. Rd4 Kg8 31. Rbd1 Kh7 32. Rd7 Kg6 33. Rxb7 Qxb7 34. Qd7 Qxd7 35. Rxd7 Nc6 36. Rd6 Ne5 37. Rxb6 Nxc4 38. Rb5 Kf6 39. Rc5 Nb6 40. Rxa5 g5 41. Ra6 Nc8 42. Rc6 Ne7 43. Rc1 Nd5 44. a5 Nb4 45. Rb1 Na6 46. Rb6 Nc7 47. a6 Nd5 48. Rb7 1-0

[Event "MVP-ch Seniors op 19th"]
[Site "Ostseebad Binz"]
[Date "2019.12.03"]
[Round "7"]
[White "Leue, Lothar"]
[Black "Berber, Theodor"]
[Result "1-0"]
[WhiteElo "1782"]
[BlackElo "1578"]
[PlyCount "123"]
[EventDate "2019.11.27"]
[EventType "swiss"]
[EventRounds "9"]
[EventCountry "GER"]
[SourceTitle "EXT 2021"]
[Source "ChessBase"]
[SourceDate "2020.10.23"]
[SourceVersion "1"]
[SourceVersionDate "2020.10.23"]
[SourceQuality "1"]

1. d4 d5 2. c4 e6 3. Nc3 Nf6 4. Bg5 Be7 5. e3 c6 6. Nf3 Nbd7 7. Rc1 0-0 8. Bd3 Re8 9. 0-0 dxc4 10. Bxc4 Nd5 11. Bxe7 Qxe7 12. Bd3 Nxc3 13. Rxc3 e5 14. Bc4 e4 15. Nd2 Nf6 16. Qb3 Rf8 17. h3 Rb8 18. Qc2 Re8 19. Rc1 Bf5 20. Nf1 Bg6 21. Ng3 Qd7 22. a4 a5 23. Ba2 h6 24. Rc5 Ra8 25. Qd2 Qd8 26. Ne2 Bh7 27. Nf4 g5 28. Ne2 Re7 29. Ng3 Rd7 30. Re5 Kg7 31. Rcc5 Bg6 32. Rxa5 Rxa5 33. Rxa5 Nd5 34. Rc5 f6 35. b4 Ne7 36. Qc2 f5 37. Be6 Rd5 38. Bxd5 Nxd5 39. Qb2 f4 40. exf4 gxf4 41. Nf1 e3 42. Rxd5 exf2+ 43. Qxf2 Qxd5 44. Qxf4 Qc4 45. Qd2 Qb3 46. b5 cxb5 47. axb5 Qxb5 48. Ne3 Qd7 49. Ng4 Qd6 50. Qxh6+ Kg8 51. Qe3 b5 52. Qb3+ Kg7 53. Qxb5 Qxd4+ 54. Nf2 Kh7 55. Qf1 Kg7 56. Kh1 Qd5 57. Qd1 Qc6 58. Qd4+ Kh7 59. Qh4+ Kg7 60. Qd4+ Kh6 61. Ng4+ Kh5 62. Qe3 1-0

[Event "MVP-ch Seniors op 19th"]
[Site "Ostseebad Binz"]
[Date "2019.11.27"]
[Round "1"]
[White "Leue, Lothar"]
[Black "Andersen, Knut"]
[Result "0-1"]
[WhiteElo "1782"]
[BlackElo "2070"]
[PlyCount "100"]
[EventDate "2019.11.27"]
[EventType "swiss"]
[EventRounds "9"]
[EventCountry "GER"]
[SourceTitle "EXT 2021"]
[Source "ChessBase"]
[SourceDate "2020.10.23"]
[SourceVersion "1"]
[SourceVersionDate "2020.10.23"]
[SourceQuality "1"]

1. d4 Nf6 2. Nf3 e6 3. Bg5 h6 4. Bxf6 Qxf6 5. g3 d5 6. Bg2 c5 7. c3 Nc6 8. e3 Bd6 9. 0-0 0-0 10. Re1 b6 11. Nbd2 cxd4 12. Nxd4 Nxd4 13. cxd4 Bb7 14. Qa4 Qe7 15. a3 f5 16. f4 Rfc8 17. Rec1 Rc7 18. Qd1 Rac8 19. Rxc7 Qxc7 20. Bf1 Qc2 21. Rb1 a5 22. Qe2 Rc7 23. Qd3 Ba6 24. Qxc2 Rxc2 25. Nf3 Bxf1 26. Kxf1 b5 27. h4 b4 28. axb4 Bxb4 29. b3 Kf8 30. Ne1 Rh2 31. Kg1 Rd2 32. Kf1 Ke8 33. Nf3 Rc2 34. Ng1 Kd7 35. Ne2 Kc6 36. Kf2 Kb5 37. Kf3 Bd2 38. h5 Kb4 39. Ng1 Rc3 40. Ke2 Rc1 41. Rxc1 Bxc1 42. Kd3 Kxb3 43. Ne2 Bb2 44. g4 fxg4 45. e4 dxe4+ 46. Kxe4 a4 47. f5 exf5+ 48. Kxf5 a3 49. d5 a2 50. d6 a1Q 0-1

[Event "MVP-ch Seniors op 18th"]
[Site "Ostseebad Binz"]
[Date "2018.12.02"]
[Round "5"]
[White "Leue, Lothar"]
[Black "Noelter, Gerd"]
[Result "0-1"]
[WhiteElo "1734"]
[BlackElo "1862"]
[PlyCount "104"]
[EventDate "2018.11.28"]
[EventType "swiss"]
[EventRounds "9"]
[EventCountry "GER"]
[SourceTitle "CBM 188 Extra"]
[Source "ChessBase"]
[SourceDate "2019.02.26"]
[SourceVersion "1"]
[SourceVersionDate "2019.02.26"]
[SourceQuality "1"]

1. d4 e6 2. c4 c6 3. Nc3 d5 4. e3 Nf6 5. Nf3 Nbd7 6. Qc2 Be7 7. Bd3 dxc4 8. Bxc4 Nd5 9. Bxd5 exd5 10. 0-0 0-0 11. Bd2 Re8 12. Rfe1 Nf6 13. h3 Bd6 14. a3 Bd7 15. b4 a6 16. Na4 b5 17. Nc5 Bxc5 18. Qxc5 Ne4 19. Qc2 f6 20. Rac1 Nd6 21. Bc3 Nc4 22. Bb2 Qc8 23. Kh2 Bf5 24. Qc3 Qc7+ 25. Kg1 Qd7 26. Kh2 Qd6+ 27. Kg1 Re7 28. Nd2 Bg6 29. Nb3 Re4 30. Nc5 Re7 31. a4 Bf5 32. axb5 axb5 33. Ra1 Qb8 34. Rxa8 Qxa8 35. Ra1 Ra7 36. Rxa7 Qxa7 37. Qb3 h6 38. Bc3 Kf7 39. Kh2 g5 40. Kg1 h5 41. Kh2 h4 42. Kg1 Bg6 43. Kh1 f5 44. Nd3 Ke6 45. Nc5+ Ke7 46. Nd3 Kf6 47. Ne5 Be8 48. Nd3 Nd6 49. Qb2 Qa4 50. Qc1 Ne4 51. Be1 Qa2 52. Qb2 Qc4 0-1

[Event "MVP-ch Seniors op 18th"]
[Site "Ostseebad Binz"]
[Date "2018.11.29"]
[Round "2"]
[White "Baumast, Bernd"]
[Black "Leue, Lothar"]
[Result "0-1"]
[WhiteElo "1531"]
[BlackElo "1734"]
[PlyCount "76"]
[EventDate "2018.11.28"]
[EventType "swiss"]
[EventRounds "9"]
[EventCountry "GER"]
[SourceTitle "CBM 188 Extra"]
[Source "ChessBase"]
[SourceDate "2019.02.26"]
[SourceVersion "1"]
[SourceVersionDate "2019.02.26"]
[SourceQuality "1"]

1. b4 e6 2. a3 Nf6 3. c4 g6 4. Bb2 Bg7 5. e3 0-0 6. Nf3 c6 7. Be2 d5 8. Ne5 Qc7 9. d4 Rd8 10. c5 b5 11. Nd2 Bb7 12. a4 a6 13. a5 Nfd7 14. Nxd7 Nxd7 15. f4 Nf8 16. 0-0 Re8 17. h4 f6 18. h5 e5 19. f5 exd4 20. Bxd4 g5 21. Rf3 h6 22. g4 Nd7 23. Qb3 Ne5 24. Rf2 Rad8 25. Qc3 Rd7 26. Nf3 Nxg4 27. Rg2 Ne5 28. Rf1 Rf7 29. Bxe5 fxe5 30. Nh2 Ref8 31. Rgf2 Bc8 32. Qc2 Bd7 33. Ng4 Qc8 34. f6 Bxg4 35. Qg6 Bxe2 36. fxg7 Qg4+ 37. Rg2 Rxf1+ 38. Kh2 Qh4# 0-1

[Event "MVP-ch Seniors op 18th"]
[Site "Ostseebad Binz"]
[Date "2018.11.28"]
[Round "1"]
[White "Leue, Lothar"]
[Black "Valet, Richard"]
[Result "0-1"]
[WhiteElo "1734"]
[BlackElo "2039"]
[PlyCount "78"]
[EventDate "2018.11.28"]
[EventType "swiss"]
[EventRounds "9"]
[EventCountry "GER"]
[SourceTitle "CBM 188 Extra"]
[Source "ChessBase"]
[SourceDate "2019.02.26"]
[SourceVersion "1"]
[SourceVersionDate "2019.02.26"]
[SourceQuality "1"]

1. d4 Nf6 2. c4 g6 3. Nc3 Bg7 4. Nf3 d6 5. e3 0-0 6. Be2 c5 7. dxc5 Qa5 8. 0-0 Qxc5 9. a3 Be6 10. b4 Qc8 11. Qb3 a6 12. a4 a5 13. b5 Nbd7 14. Ba3 Nc5 15. Bxc5 Qxc5 16. Rac1 Rfc8 17. Nb1 Nd7 18. Nfd2 Qb4 19. Bf3 Nc5 20. Qa2 Rab8 21. Be2 Nxa4 22. Rc2 Nc5 23. Na3 a4 24. Rb1 Nb3 25. Nxb3 axb3 26. Qxb3 Qc5 27. Rbc1 Ra8 28. Nb1 Ra1 29. Ra2 Ra8 30. Rxa8+ Rxa8 31. h3 Ra1 32. Qd1 Bb2 33. Rc2 Qb4 34. Bd3 Bf5 35. e4 Be6 36. Kh2 Be5+ 37. f4 Bxf4+ 38. g3 Rxb1 39. Qe2 Be5 0-1

[Event "MVP-ch Seniors op 17th"]
[Site "Binz"]
[Date "2017.12.01"]
[Round "3.64"]
[White "Petrykowski, Reinhardt"]
[Black "Leue, Lothar"]
[Result "1/2-1/2"]
[WhiteElo "1828"]
[BlackElo "1656"]
[PlyCount "46"]
[EventDate "2017.11.29"]
[EventType "swiss"]
[EventRounds "9"]
[EventCountry "GER"]
[SourceTitle "EXT 2019"]
[Source "ChessBase"]
[SourceDate "2018.10.10"]
[SourceVersion "1"]
[SourceVersionDate "2018.10.10"]
[SourceQuality "1"]

1. d4 d5 2. Nf3 Nf6 3. h3 e6 4. Bf4 Bd6 5. Ne5 Ne4 6. e3 0-0 7. Nd2 Nxd2 8. Qxd2 f6 9. Nd3 Re8 10. Be2 Bxf4 11. exf4 b6 12. 0-0 Ba6 13. Rfe1 Qd6 14. g3 Nd7 15. c3 c5 16. Nc1 Bxe2 17. Rxe2 Re7 18. Nd3 Rae8 19. Rae1 c4 20. Nb4 a5 21. Nc2 e5 22. fxe5 fxe5 23. Kg2 e4 1/2-1/2